| 000 | 00900nam a22001697a 4500 | ||
|---|---|---|---|
| 999 |
_c63906 _d63906 |
||
| 003 | Ge_BSU | ||
| 005 | 20260217174202.0 | ||
| 008 | 260217s1964 ge ||||| |||| 00| 0 geo d | ||
| 041 | _ageo | ||
| 080 | _a911.3:33(479.22) მ-44 | ||
| 245 |
_aმახარაძე-ლანჩხუთის ქვერაიონის (გურიის) ეკონომიურ-გეოგრაფიული ნარკვევები / _c საქ. სსრ მეცნ. აკად., ვახუშტის სახ. გეოგრაფიის ინ-ტი. |
||
| 264 |
_aთბ. : _b მეცნიერება, _c1964. |
||
| 300 |
_a227 გვ. ; _b22 სმ. |
||
| 500 | _aპარალ. სათ. რუსულ ენაზე | ||
| 653 | _aსაქართველოს ეკონომიური გეოგრაფია | ||
| 942 |
_2udc _cᲬᲘᲒᲜᲘ |
||